| 000 -LEADER |
| fixed length control field |
00696nam a2200205Ia 4500 |
| 008 - FIXED-LENGTH DATA ELEMENTS--GENERAL INFORMATION |
| fixed length control field |
190805s9999||||xx |||||||||||||| ||und|| |
| 020 ## - INTERNATIONAL STANDARD BOOK NUMBER |
| International Standard Book Number |
9781408175965 |
| Terms of availability |
Rs. 1599.00 |
| 082 04 - DEWEY DECIMAL CLASSIFICATION NUMBER |
| Classification number |
623.87 |
| Item number |
J1321 |
| 100 1# - MAIN ENTRY--PERSONAL NAME |
| Personal name |
Jackson, Leslie |
| 245 10 - TITLE STATEMENT |
| Title |
General Engineering Knowledge for Marine Engineers / |
| 250 ## - EDITION STATEMENT |
| Edition statement |
5th ed. |
| 260 ## - PUBLICATION, DISTRIBUTION, ETC. (IMPRINT) |
| Place of publication, distribution, etc |
London : |
| Name of publisher, distributor, etc |
Bloomsbury, |
| Date of publication, distribution, etc |
2013, reprinted 2015 |
| 300 ## - PHYSICAL DESCRIPTION |
| Extent |
viii, 574 p. |
| Other physical details |
: ill. |
| Dimensions |
; 24 cm. |
| 490 00 - SERIES STATEMENT |
| Series statement |
Reeds Marine Engineering and Technologu; |
| Volume number/sequential designation |
Vol. 8 |
| 650 #0 - SUBJECT ADDED ENTRY--TOPICAL TERM |
| Topical term or geographic name as entry element |
Marine engineering |
| 700 1# - ADDED ENTRY--PERSONAL NAME |
| Personal name |
Morton, Thomas D. |
| 700 1# - ADDED ENTRY--PERSONAL NAME |
| Personal name |
Russell, Paul A. |
| 852 ## - LOCATION/CALL NUMBER |
| Location |
|
| 942 ## - ADDED ENTRY ELEMENTS (KOHA) |
| Item type |
Books |